| 000 | 00540nam a22002057a 4500 | ||
|---|---|---|---|
| 003 | OSt | ||
| 005 | 20140310181919.0 | ||
| 008 | 130718t xxu||||| |||| 00| 0 eng d | ||
| 050 |
_aMT 930 _b.Am521 1995 |
||
| 082 |
_aTR 780 _bAm 1995 |
||
| 100 |
_aAmmons, Mark _91428 |
||
| 245 |
_aMusic : _bA.D. 450-1995 / _cMark Ammons. |
||
| 260 |
_aUSA : _bMark Twain Media Inc, _cc1995. |
||
| 300 |
_avi. 74 p. ; _bill. ; _c28 cm. |
||
| 521 | _aFaculty | ||
| 541 | _j1 | ||
| 562 | _e1 | ||
| 650 |
_aMusic _91429 |
||
| 942 |
_2lcc _cBK-TR _kTR |
||
| 999 |
_c6904 _d6904 |
||